Comparison of EBV Associated Nasopharyngeal Cancers for the Identification of Therapeutic Targets and Modification of Existing Therapies / (Record no. 593177)

000 -LEADER
fixed length control field 00500nam a22001457a 4500
027 ## - STANDARD TECHNICAL REPORT NUMBER
Qualifying information Hard Cover.
040 ## - CATALOGING SOURCE
Transcribing agency SINES-NUST.
082 ## - DEWEY DECIMAL CLASSIFICATION NUMBER
Classification number 570.2
Author Mark HUM
100 ## - MAIN ENTRY--PERSONAL NAME
Personal name Maleeha Humayun.
9 (RLIN) 108767
245 ## - TITLE STATEMENT
Title Comparison of EBV Associated Nasopharyngeal Cancers for the Identification of Therapeutic Targets and Modification of Existing Therapies /
Statement of responsibility, etc. Humayun, Maleeha
260 ## - PUBLICATION, DISTRIBUTION, ETC.
Place of publication, distribution, etc. Islamabad:
Name of publisher, distributor, etc. SINES-NUST,
Date of publication, distribution, etc. 2023.
300 ## - PHYSICAL DESCRIPTION
Extent 82 p. :
Other physical details ill. ;
Dimensions 35cm.
650 ## - SUBJECT ADDED ENTRY--TOPICAL TERM
General subdivision MS-Bioinformatics.
942 ## - ADDED ENTRY ELEMENTS (KOHA)
Source of classification or shelving scheme
Koha item type Thesis
Holdings
Withdrawn status Lost status Source of classification or shelving scheme Damaged status Not for loan Permanent Location Current Location Shelving location Date acquired Total Checkouts Full call number Barcode Date last seen Price effective from Koha item type
          School of Interdisciplinary Engineering and Sciences (SINES) School of Interdisciplinary Engineering and Sciences (SINES) Thesis 02/09/2023   570.2 HUM RCMS003379 02/09/2023 02/09/2023 Reference
© 2023 Central Library, National University of Sciences and Technology. All Rights Reserved.